000
00262nam a22000857a 4500
008
170603b xxu||||| |||| 00| 0 eng d
100
_9
3256
_a
Lucas. F. L
245
_a
TRAGEDY: Serious Drama in relation to Aristotle poetics
260
_a
New Delhi
_b
Capital Creation
_c
2003
999
_c
6570
_d
6570